Szczegóły MARC21

Finance and natural environment : experience of Poland against the background of developed market econom ies /

005 -DATA I CZAS OSTATNIEJ MODYFIKACJI [,]
    • @
    • pole kontrolne
    • 20070315155141.9
020 -Międzynarod. znormalizowany nr książki - ISBN [ , ]
    • a
    • Numer ISBN
    • 8372851344 Find
040 -Instytucja sporządzająca opis [ , ]
    • a
    • Instytucja, która sporządziła opis (NP)
    • SZCZ U
    • c
    • Instytucja, która sporządziła rekord (NP)
    • SZCZ U
041 -Język dokumentu [1, ]
    • a
    • Język tekstu (P)
    • angielski
942 -Rodzaj dokumentu [ , ]
    • c
    • Rodzaj dokumentu
    • Książka
245 -Strefa tytułu i oznaczenia odpowiedzialności [0, ]
    • a
    • Tytuł
    • Finance and natural environment : Find
    • b
    • Ciąg dalszy tytułu (NP)
    • experience of Poland against the background of developed market econom ies / Find
    • c
    • Pozostałe elementy strefy tytułu i oznaczenia odpowiedzialności (NP)
    • [ed. by Leszek Dziawgo and Danuta Dziawgo ; transl. and proof-read byEdward Maliszewski].
260 -Strefa adresu wydawniczego [ , ]
    • a
    • Miejsce wydania (P)
    • Toruń :
    • b
    • Nazwa wydawcy (P)
    • "Dom Organizatora",
    • c
    • Data wydania (P)
    • 2003.
300 -Strefa opisu fizycznego [ , ]
    • a
    • Określenie formy książki i/lub objętość (NP)
    • 700 s. :
    • b
    • Oznaczenie ilustracji (NP)
    • il. :
    • c
    • Format (NP)
    • 25 cm.
500 -Uwaga ogólna [ , ]
    • a
    • Uwaga ogólna (NP)
    • Tekst częśc. tł. z jęz. pol. - Bibliogr
080 -Uniwersalna Klasyfikacja Dziesiętna [ , ]
    • a
    • Symbol klasyfikacji
    • 504.03(100:438)"1989/..."=20
080 -Uniwersalna Klasyfikacja Dziesiętna [ , ]
    • a
    • Symbol klasyfikacji
    • :336.7(100:438)"1989/..."=20
980 -Symbol UKD [ , ]
    • a
    • UKD
    • 504.03:336.7](100:438)"1989/..."=20
700 -Hasło dodatkowe - nazwa osobowa [ , ]
    • a
    • Nazwa osobowa (NP)
    • Dziawgo Leszek Find
700 -Hasło dodatkowe - nazwa osobowa [ , ]
    • a
    • Nazwa osobowa (NP)
    • Dziawgo Danuta Find
700 -Hasło dodatkowe - nazwa osobowa [ , ]
    • a
    • Nazwa osobowa (NP)
    • Maliszewski Edward Find
920 -ISBN [ , ]
    • a
    • ISBN
    • 83-7285-134-4 Find
Lokalizacja Data inwentaryzacji Numer inwentarzowy Status udost.
T2006-01-05T.8910-2